[Event "Titled Tue 1st Jul Early"]
[Site "chess.com INT"]
[Date "2025.07.01"]
[Round "9"]
[White "Unsal, Gorkem"]
[Black "Zhukov, Ivan"]
[Result "0-1"]
[WhiteTitle "CM"]
[BlackTitle "CM"]
[WhiteElo "2109"]
[BlackElo "2044"]
[WhiteFideId "51607484"]
[BlackFideId "54114748"]
[EventDate "2025.07.01"]

1. e4 c5 2. Ne2 e6 3. Nbc3 a6 4. g3 Nc6 5. Bg2 Nf6 6. O-O d6 7. d4 cxd4 8. Nxd4
Ne5 9. Bg5 Be7 10. Qe2 h6 11. Bxf6 Bxf6 12. f4 Nd7 13. Rad1 Qb6 14. Qf2 Qxb2 15.
Nce2 O-O 16. f5 e5 17. Nb3 Qxc2 18. Rxd6 Qxa2 19. Qe3 Bg5 20. Qd3 Qa3 21. h4 Be7
22. Rd5 Nc5 23. Nxc5 Bxc5+ 24. Kh2 Qxd3 25. Rxd3 Re8 26. Rc1 Bf8 27. Rc7 b5 28.
Nc3 Rb8 29. Nd5 Rb7 30. Rc6 Bd7 31. Rxa6 b4 32. Rb3 Bb5 33. Rb6 Rxb6 34. Nxb6
Rb8 35. Nd5 Bc4 36. Rb2 b3 37. Ne3 Bd3 38. Nd1 Ba3 39. Rd2 Bc2 40. Nc3 Bb4 41.
Rxc2 bxc2 42. Ne2 Bd2 43. Bf3 c1=Q 44. Nxc1 Bxc1 45. Kh3 Rb3 46. Kg4 Be3 47. Kh5
Bf2 48. Bg4 Rxg3 49. Bf3 Be3 50. Bg4 Kh7 51. f6 g6# 0-1

[Event "Titled Tue 1st Jul Early"]
[Site "chess.com INT"]
[Date "2025.07.01"]
[Round "9"]
[White "Sobek, Jaroslav"]
[Black "Harriott, Tyrell"]
[Result "0-1"]
[WhiteTitle "FM"]
[WhiteElo "2195"]
[BlackElo "1933"]
[WhiteFideId "301388"]
[BlackFideId "2086484"]
[EventDate "2025.07.01"]

1. d4 e6 2. c4 d5 3. Nc3 f5 4. g3 c6 5. b3 Bd6 6. Bg2 Nf6 7. Nh3 O-O 8. O-O Ne4
9. Qc2 Bb4 10. Nxe4 fxe4 11. f3 exf3 12. exf3 dxc4 13. Qxc4 Ba5 14. Bb2 Bc7 15.
Nf2 b6 16. f4 Qd7 17. Ng4 Ba6 18. Qc3 Bxf1 19. Rxf1 Bd6 20. Rc1 Rc8 21. Qc4 a5
22. Be4 Ra7 23. Qd3 h6 24. Qf3 Qe8 25. Kg2 Re7 26. Rc2 c5 27. d5 exd5 28. Bxd5+
Kh7 29. Ne5 Bxe5 30. Qe4+ Kh8 31. Bxe5 Nd7 32. Re2 Nf6 0-1

[Event "Titled Tue 1st Jul Early"]
[Site "chess.com INT"]
[Date "2025.07.01"]
[Round "9"]
[White "Chiappero, Julio Alfredo"]
[Black "Manukian, Artak"]
[Result "1-0"]
[WhiteTitle "FM"]
[WhiteElo "2238"]
[BlackElo "2104"]
[WhiteFideId "139998"]
[BlackFideId "13301373"]
[EventDate "2025.07.01"]

1. d4 d5 2. c4 dxc4 3. e4 e5 4. Nf3 exd4 5. Bxc4 Bb4+ 6. Nbd2 Bxd2+ 7. Bxd2 Nf6
8. O-O O-O 9. Bg5 h6 10. Bh4 g5 11. Nxg5 hxg5 12. Bxg5 Kg7 13. e5 Nbd7 14. Qxd4
Nxe5 15. Qxe5 Qd6 16. Qc3 Rh8 17. h4 Bf5 18. Rad1 Qc6 19. Rfe1 Rae8 20. Qb3
Rxe1+ 21. Rxe1 Re8 22. Bxf6+ Kxf6 23. Qc3+ Kg6 24. h5+ Kh7 25. Rxe8 Qxe8 26. Qf6
Be6 27. Bd3+ Kg8 28. h6 1-0

[Event "Titled Tue 1st Jul Early"]
[Site "chess.com INT"]
[Date "2025.07.01"]
[Round "9"]
[White "Viskelis, Darius"]
[Black "Shakirov, Marat"]
[Result "0-1"]
[WhiteTitle "FM"]
[BlackTitle "FM"]
[WhiteElo "2146"]
[BlackElo "2167"]
[WhiteFideId "12800830"]
[BlackFideId "44118171"]
[EventDate "2025.07.01"]

1. e4 e5 2. Nf3 Nc6 3. Bb5 a6 4. Ba4 Nf6 5. d3 d6 6. O-O Be7 7. c3 O-O 8. Re1 b5
9. Bc2 Bb7 10. h3 Re8 11. Nbd2 Bf8 12. Nf1 d5 13. Ng3 g6 14. Bg5 Bg7 15. Qd2 Qd6
16. Rad1 Rad8 17. exd5 Qxd5 18. Bb3 Qd6 19. Qe3 Na5 20. Ne4 Qc6 21. Bc2 Nxe4 22.
Bxd8 Nd6 23. Bh4 Nf5 24. Qe4 Qe6 25. Ng5 Qxa2 26. Qg4 h5 27. Qb4 Nc6 28. Qc5
Nxh4 29. Ra1 Qxb2 30. Qd5 Nd8 31. Qd7 Bc6 32. Qxc7 Qxc2 33. Nxf7 Nxf7 34. Qxc6
Rd8 35. Qb6 Qxd3 36. Rxa6 Qd5 37. Re3 Qxg2# 0-1

[Event "Titled Tue 1st Jul Early"]
[Site "chess.com INT"]
[Date "2025.07.01"]
[Round "9"]
[White "Terry, Renato"]
[Black "Domin, Yan"]
[Result "1-0"]
[WhiteTitle "IM"]
[BlackTitle "FM"]
[WhiteElo "2508"]
[BlackElo "2222"]
[WhiteFideId "3803457"]
[BlackFideId "34169342"]
[EventDate "2025.07.01"]

1. e4 c5 2. Nf3 Nc6 3. Bb5 Nf6 4. Qe2 e5 5. c3 Bd6 6. O-O O-O 7. d3 a6 8. Bxc6
dxc6 9. Bg5 h6 10. Bh4 g5 11. Bg3 Qe7 12. h4 Nh5 13. hxg5 hxg5 14. Nbd2 Bg4 15.
Qe3 f6 16. Nc4 Bc7 17. Nh2 Be6 18. Qf3 Qh7 19. Ne3 Kf7 20. d4 cxd4 21. cxd4 Nxg3
22. fxg3 Ke7 23. d5 Bd7 24. Rad1 Bb6 25. dxc6 bxc6 26. Rd3 Bd4 27. Rxd4 exd4 28.
Nc4 Be6 29. Qa3+ Kf7 30. Ne5+ Kg8 31. Nxc6 Qc7 32. Nxd4 Qb6 33. Qe3 Rad8 34. Rd1
Bxa2 35. e5 Rfe8 36. Ng4 Kg7 37. exf6+ Kg6 38. Qd3+ 1-0

[Event "Titled Tue 1st Jul Early"]
[Site "chess.com INT"]
[Date "2025.07.01"]
[Round "9"]
[White "Moldagali, Beksultan"]
[Black "Begunov, Konstantin"]
[Result "1-0"]
[WhiteTitle "FM"]
[BlackTitle "FM"]
[WhiteElo "2397"]
[BlackElo "2325"]
[WhiteFideId "13734768"]
[BlackFideId "4118510"]
[EventDate "2025.07.01"]

1. e4 g6 2. d4 Bg7 3. Nc3 c6 4. f4 d5 5. e5 h5 6. Be3 Bg4 7. Nf3 Nh6 8. h3 Bxf3
9. Qxf3 Nf5 10. g3 e6 11. O-O-O a6 12. Bf2 Nd7 13. g4 Ne7 14. Bd3 c5 15. dxc5
Rc8 16. Na4 Qa5 17. b3 Qb4 18. Kb2 Nxc5 19. Bxc5 Rxc5 20. Nxc5 Qxc5 21. Rhe1
hxg4 22. hxg4 Nc6 23. c3 b5 24. Qe3 Rh2+ 25. Bc2 d4 26. Qd3 b4 27. c4 g5 28. Rd2
Rh4 29. fxg5 Nxe5 30. Rxe5 Bxe5 31. g6 Rh2 32. gxf7+ Kxf7 33. Rxh2 Bxh2 34. Qh7+ 1-0

[Event "Titled Tue 1st Jul Early"]
[Site "chess.com INT"]
[Date "2025.07.01"]
[Round "9"]
[White "Munoz, Francisco Javier"]
[Black "Chigaev, Maksim"]
[Result "0-1"]
[WhiteTitle "FM"]
[BlackTitle "GM"]
[WhiteElo "2389"]
[BlackElo "2628"]
[WhiteFideId "128368"]
[BlackFideId "4108116"]
[EventDate "2025.07.01"]

1. e4 c5 2. Nc3 g6 3. d4 cxd4 4. Qxd4 Nf6 5. Nf3 Nc6 6. Qa4 d6 7. e5 dxe5 8.
Nxe5 Bd7 9. Nxd7 Qxd7 10. Be3 Bg7 11. Be2 O-O 12. O-O a6 13. Rfd1 Qc8 14. Qh4 h5
15. Na4 Qf5 16. c4 Ng4 17. Bxg4 hxg4 18. Rac1 Rad8 19. b3 Rxd1+ 20. Rxd1 Qc2 21.
Rf1 Qxa2 22. Nc5 b6 23. Nd7 Rd8 24. Nxb6 Qxb3 25. Nd5 Qxc4 26. Nxe7+ Nxe7 27.
Qxe7 Ra8 28. Rc1 Qd5 29. Qb4 a5 30. Qxg4 a4 31. Rc8+ Bf8 32. h4 a3 33. Rxa8 Qxa8
34. Bd4 a2 35. Qd1 Qd5 36. Qa1 Qb3 37. g3 Qb1+ 38. Kg2 Qxa1 39. Bxa1 Bg7 0-1

[Event "Titled Tue 1st Jul Early"]
[Site "chess.com INT"]
[Date "2025.07.01"]
[Round "9"]
[White "Soza de la Carrera, Jose"]
[Black "Ivannikov, Maksim"]
[Result "0-1"]
[WhiteTitle "CM"]
[BlackTitle "CM"]
[WhiteElo "2221"]
[BlackElo "2184"]
[WhiteFideId "3401278"]
[BlackFideId "34275339"]
[EventDate "2025.07.01"]

1. d4 c5 2. d5 e6 3. c4 exd5 4. cxd5 d6 5. Nc3 Nf6 6. Nf3 g6 7. h3 Bg7 8. Bf4
O-O 9. e3 Re8 10. Be2 a6 11. a4 Ne4 12. Qc2 Nxc3 13. bxc3 Bf5 14. Qb3 Nd7 15.
O-O Nf6 16. a5 Ne4 17. Rfc1 Qf6 18. Bd3 Nd2 19. Nxd2 Bxd3 20. Qxb7 Rab8 21. Qc6
Red8 22. c4 Qe7 23. Ra2 Qa7 24. Qa4 Rb4 25. Qd1 Qe7 26. Kh2 Rdb8 27. Rc3 Bxc3
28. Nf3 Bxc4 29. Bg5 Qe4 30. Rc2 Bb3 31. Rxc3 Bxd1 0-1

[Event "Titled Tue 1st Jul Early"]
[Site "chess.com INT"]
[Date "2025.07.01"]
[Round "9"]
[White "Nepomniachtchi, Ian"]
[Black "Maghsoodloo, Parham"]
[Result "1-0"]
[WhiteTitle "GM"]
[BlackTitle "GM"]
[WhiteElo "2742"]
[BlackElo "2695"]
[WhiteFideId "4168119"]
[BlackFideId "12539929"]
[EventDate "2025.07.01"]

1. e4 c6 2. d4 d5 3. Nc3 dxe4 4. Nxe4 Nf6 5. Nxf6+ exf6 6. Be3 Na6 7. a3 Bd6 8.
Bd3 O-O 9. Ne2 Re8 10. O-O Nc7 11. c4 Bg4 12. Qd2 g6 13. Ng3 Bd7 14. Ne4 Be7 15.
Rad1 f5 16. Nc3 Bf6 17. Bb1 b5 18. cxb5 cxb5 19. d5 a5 20. d6 Ne6 21. Nd5 Be5
22. Nc7 f4 23. Bb6 f3 24. Rfe1 Bxh2+ 25. Kf1 fxg2+ 26. Kxg2 Nf4+ 27. Kf3 Bc6+
28. Re4 Rxe4 29. Bxe4 Bxe4+ 30. Kxe4 Rb8 31. Bxa5 Qg5 32. Kd4 Rd8 33. Bb4 Qf6+
34. Kc5 Qf5+ 35. Kb6 Rb8+ 36. Ka5 Ne6 37. Qc3 Qe4 38. Nd5 Be5 39. Qc6 Qe2 40.
Rh1 Qc2 41. Qxc2 Ra8+ 42. Kb6 1-0

[Event "Titled Tue 1st Jul Early"]
[Site "chess.com INT"]
[Date "2025.07.01"]
[Round "9"]
[White "Guliev, Gasan"]
[Black "Gajic, Mladen"]
[Result "0-1"]
[WhiteTitle "CM"]
[BlackTitle "FM"]
[WhiteElo "2123"]
[BlackElo "2246"]
[WhiteFideId "34165638"]
[BlackFideId "1709178"]
[EventDate "2025.07.01"]

1. e4 Nf6 2. e5 Nd5 3. c4 Nb6 4. c5 Nd5 5. d4 e6 6. Nf3 d6 7. cxd6 cxd6 8. Bd3
Nc6 9. O-O Ndb4 10. Bb5 a6 11. Ba4 b5 12. Bb3 dxe5 13. a3 Nd5 14. dxe5 Bb7 15.
Qe2 Be7 16. Rd1 O-O 17. Bd2 Na5 18. Bxa5 Qxa5 19. Nbd2 Rfd8 20. Ne4 Nf4 21. Qe3
Nd5 22. Qe2 h6 23. h3 Rd7 24. Bc2 Rad8 25. g3 Qb6 26. h4 a5 27. Rac1 b4 28. Ba4
Ba6 29. Qe1 Bb5 30. Bxb5 Qxb5 31. axb4 Bxb4 32. Qf1 Qa4 33. Nd4 Qa2 34. Nc6 Re8
35. Qb5 Nc7 36. Qb7 Rxd1+ 37. Rxd1 Nd5 38. Nd6 Rf8 39. b3 Qxb3 40. Rxd5 exd5 41.
Ne7+ Kh7 42. Qd7 Bxd6 43. exd6 d4 44. Qf5+ g6 45. Nxg6 Rb8 46. Ne5+ Kg7 0-1

[Event "Titled Tue 1st Jul Early"]
[Site "chess.com INT"]
[Date "2025.07.01"]
[Round "9"]
[White "Naroditsky, Daniel"]
[Black "Jake Shanty"]
[Result "1/2-1/2"]
[WhiteTitle "GM"]
[BlackTitle "FM"]
[WhiteElo "2619"]
[BlackElo "2252"]
[WhiteFideId "2026961"]
[BlackFideId "33478066"]
[EventDate "2025.07.01"]

1. c4 Nf6 2. Nc3 g6 3. d4 Bg7 4. e4 d6 5. h4 O-O 6. h5 Nxh5 7. g4 Nf6 8. g5 Nh5
9. Be2 e5 10. Bxh5 exd4 11. Nd5 Nd7 12. Bg4 c6 13. Nb4 Ne5 14. Bxc8 Qxc8 15. f4
Nxc4 16. Qe2 d5 17. Qh2 Re8 18. e5 Qf5 19. Ne2 Qe4 20. Qxh7+ Kf8 21. O-O Qxe2
22. f5 Qg4+ 23. Kh2 Rxe5 24. Nd3 Re2+ 25. Rf2 Rxf2+ 26. Nxf2 Qxf5 27. Qh4 Re8
28. Bf4 Re2 29. Kg1 Nd2 30. Bxd2 Rxd2 31. Re1 Rxb2 32. Qg3 Kg8 33. Ng4 Rb1 34.
Qb8+ Kh7 35. Qh2+ Kg8 36. Qb8+ Kh7 37. Rxb1 Qxb1+ 38. Kh2 Qxa2+ 39. Kh3 Qe2 40.
Qxb7 Qf3+ 41. Kh4 d3 42. Nf6+ Bxf6 43. Qxf7+ Kh8 44. Qf8+ Kh7 45. Qf7+ Kh8 46.
gxf6 Qf4+ 47. Kh3 Qf3+ 48. Kh2 Qf2+ 49. Kh1 Qf1+ 50. Kh2 Qf2+ 51. Kh3 Qf3+ 52.
Kh4 Qf4+ 53. Kh3 Qf3+ 1/2-1/2

[Event "Titled Tue 1st Jul Early"]
[Site "chess.com INT"]
[Date "2025.07.01"]
[Round "9"]
[White "Keatinge-Clay, Adrian"]
[Black "Gulamirian, Korun"]
[Result "1-0"]
[WhiteTitle "FM"]
[BlackTitle "CM"]
[WhiteElo "2232"]
[BlackElo "1890"]
[WhiteFideId "2011867"]
[BlackFideId "4144899"]
[EventDate "2025.07.01"]

1. d4 Nf6 2. Nf3 c5 3. e3 d5 4. c4 e6 5. Nc3 dxc4 6. Bxc4 Nc6 7. d5 exd5 8. Nxd5
Be6 9. e4 Nxe4 10. O-O Nd6 11. Bb3 c4 12. Bc2 Qa5 13. Re1 O-O-O 14. Nf4 Bg4 15.
Bd2 Bxf3 16. gxf3 Qg5+ 17. Ng2 Qh5 18. Bf4 Nf5 19. Bxf5+ Qxf5 20. Qa4 Bb4 21.
Re4 Qd5 22. Rc1 f5 23. Re3 Bd2 24. Rd1 Bxe3 25. Rxd5 Rxd5 26. Nxe3 Rd3 27. Qxc4
Rhd8 28. Qe6+ R3d7 29. Qxf5 g6 30. Qe6 Nd4 31. Qe4 Nc6 32. Nc4 1-0

[Event "Titled Tue 1st Jul Early"]
[Site "chess.com INT"]
[Date "2025.07.01"]
[Round "9"]
[White "Volovich, Vasily"]
[Black "Sheehan, Ethan"]
[Result "1/2-1/2"]
[WhiteTitle "FM"]
[WhiteElo "2177"]
[BlackElo "2366"]
[WhiteFideId "34169676"]
[BlackFideId "30943965"]
[EventDate "2025.07.01"]

1. e4 e5 2. Nf3 Nc6 3. d4 exd4 4. Bc4 Nf6 5. O-O Nxe4 6. Re1 d5 7. Bxd5 Qxd5 8.
Nc3 Qd7 9. Nxe4 Be7 10. Bg5 O-O 11. Bxe7 Qxe7 12. Nxd4 Bd7 13. Nc3 Qb4 14. Ndb5
Rad8 15. a3 Qa5 16. a4 a6 17. Na3 Qb4 18. Qc1 Be6 19. Re4 Nd4 20. h3 Bf5 21. Rf4
Bg6 22. Kh2 Qd6 23. Kh1 Nxc2 24. Nxc2 Bxc2 25. Qe3 Rfe8 26. Qg3 Bg6 27. a5 Qc5
28. Kh2 Rd2 29. Raa4 Rxb2 30. Rfc4 Qd6 31. Qxd6 cxd6 32. Rc7 Rxf2 33. Nd5 h6 34.
Rxb7 Ree2 35. Nf4 Ra2 36. Nxg6 Rxa4 37. Rb8+ Kh7 38. Nf8+ Kg8 39. Ng6+ Kh7 40.
Nf8+ Kg8 41. Ng6+ 1/2-1/2

[Event "Titled Tue 1st Jul Early"]
[Site "chess.com INT"]
[Date "2025.07.01"]
[Round "9"]
[White "Paravyan, David"]
[Black "Tica, Sven"]
[Result "1-0"]
[WhiteTitle "GM"]
[BlackTitle "IM"]
[WhiteElo "2589"]
[BlackElo "2442"]
[WhiteFideId "4194985"]
[BlackFideId "14526948"]
[EventDate "2025.07.01"]

1. c4 g6 2. e4 Bg7 3. d4 c5 4. d5 e5 5. Nc3 d6 6. g4 h6 7. h4 Ne7 8. h5 f5 9. f3
f4 10. hxg6 Nxg6 11. Kd2 Nd7 12. Kc2 Nf6 13. Bd2 Nh7 14. Nh3 Bd7 15. Rc1 Kf7 16.
Bd3 Bf6 17. Kb1 Ng5 18. Qe2 Nh4 19. Ng1 Ng6 20. Rh5 Qf8 21. Nh3 Qg7 22. Rh1 Raf8
23. Qg2 Ke7 24. Bc2 Be8 25. Ba4 Bf7 26. b4 Rc8 27. Nb5 a6 28. Nxd6 Kxd6 29.
bxc5+ Rxc5 30. Bb4 Rc8 31. Nf2 Rh8 32. Nd3 b6 33. Nxc5 bxc5 34. Bxc5+ Kxc5 35.
Qf2+ Kd6 36. Qb6+ Ke7 37. Qc7+ Kf8 38. Qc8+ Ke7 39. Qc7+ Kf8 40. Qc8+ Ke7 41.
d6+ Kxd6 42. Rd1+ Ke7 43. Rd7+ Ke6 44. Qxa6# 1-0

[Event "Titled Tue 1st Jul Early"]
[Site "chess.com INT"]
[Date "2025.07.01"]
[Round "9"]
[White "Lesovoi, Evgenij"]
[Black "Risteski, Emil"]
[Result "1-0"]
[WhiteTitle "FM"]
[BlackTitle "IM"]
[WhiteElo "2234"]
[BlackElo "2374"]
[WhiteFideId "24164135"]
[BlackFideId "15005267"]
[EventDate "2025.07.01"]

1. d4 d6 2. Nf3 Nf6 3. c4 Nbd7 4. Bf4 Nh5 5. Bg5 h6 6. Bh4 g5 7. Bg3 Bg7 8. Nc3
e6 9. e3 O-O 10. Nd2 Nxg3 11. hxg3 c5 12. Nb3 b6 13. Be2 Bb7 14. Bf3 Bxf3 15.
gxf3 Rc8 16. d5 Ne5 17. Qe2 b5 18. cxb5 c4 19. Nd4 Nd3+ 20. Kf1 Qf6 21. Kg2 Qg6
22. Rad1 Rfe8 23. Nc6 Rc7 24. Rd2 Bxc3 25. bxc3 exd5 26. Rhd1 a6 27. a4 axb5 28.
axb5 Rb7 29. Nd4 h5 30. Rxd3 cxd3 31. Rxd3 Qf6 32. Qa2 Qe5 33. Qa6 Ree7 34. Qa8+
Kg7 35. Qc8 Rec7 36. Qd8 Rd7 37. Qa8 g4 38. Qa4 Rdc7 39. fxg4 Qe4+ 40. Kh2 Qxd3
41. Nf5+ Kf6 42. Qf4 Qe4 43. Qh6+ Ke5 44. f4+ 1-0

[Event "Titled Tue 1st Jul Early"]
[Site "chess.com INT"]
[Date "2025.07.01"]
[Round "9"]
[White "Reprintsev, Alexander"]
[Black "Palczert, Matyas"]
[Result "0-1"]
[WhiteTitle "IM"]
[BlackTitle "FM"]
[WhiteElo "2256"]
[BlackElo "2396"]
[WhiteFideId "14100541"]
[BlackFideId "784958"]
[EventDate "2025.07.01"]

1. e4 e5 2. f4 exf4 3. Bc4 Nf6 4. Nc3 d6 5. d4 Be7 6. Bxf4 O-O 7. Nf3 Nxe4 8.
Nxe4 d5 9. Bd3 dxe4 10. Bxe4 Bd6 11. Bxd6 Qxd6 12. O-O h6 13. c3 Nc6 14. Qc2 Bd7
15. Rae1 Rae8 16. Bh7+ Kh8 17. Bf5 Kg8 18. Bxd7 Qxd7 19. h3 Rxe1 20. Rxe1 Re8
21. Re4 Kf8 22. Kf2 Qd5 23. Rxe8+ Kxe8 24. b3 g6 25. Qd3 Qa5 26. a4 Kf8 27. g4
Ne7 28. c4 f6 29. d5 Qb6+ 30. Qe3 Qd6 31. Qxh6+ Kf7 32. Qe3 g5 33. Qd4 Qa3 34.
Nd2 Qc1 35. Ke2 Qh1 36. Ne4 Qg2+ 37. Nf2 Ng6 38. Qe4 Nf4+ 39. Ke3 Qg3+ 40. Qf3
Qg1 41. Kd2 Qf1 42. Qe3 Qg2 43. Kc3 Qg1 44. Kb2 Qxf2+ 0-1

[Event "Titled Tue 1st Jul Early"]
[Site "chess.com INT"]
[Date "2025.07.01"]
[Round "9"]
[White "Alonso Rosell, Alvar"]
[Black "Skliarov, Viktor"]
[Result "0-1"]
[WhiteTitle "GM"]
[BlackTitle "IM"]
[WhiteElo "2536"]
[BlackElo "2334"]
[WhiteFideId "2270544"]
[BlackFideId "14106736"]
[EventDate "2025.07.01"]

1. e4 c5 2. Nf3 Nc6 3. Bb5 e6 4. O-O Nge7 5. Re1 Nd4 6. Nxd4 cxd4 7. c3 a6 8.
Bf1 Nc6 9. b4 Be7 10. a4 O-O 11. Bb2 d5 12. exd5 Qxd5 13. c4 Qf5 14. b5 axb5 15.
cxb5 Ne5 16. d3 Ng4 17. Qf3 Bf6 18. Qxf5 exf5 19. Nd2 Be6 20. Be2 Rfc8 21. Bxg4
fxg4 22. Ne4 Be5 23. Ng5 Bf6 24. Ne4 Be5 25. a5 Rc2 26. Bc1 h6 27. b6 Bd5 28.
Ng3 Bd6 29. Nf5 Bb4 30. Rd1 Bc3 31. Ne7+ Kf8 32. Nxd5 Bxa1 33. Ba3+ Kg8 34. Rxa1
Rxa5 35. g3 Rxd5 0-1

[Event "Titled Tue 1st Jul Early"]
[Site "chess.com INT"]
[Date "2025.07.01"]
[Round "9"]
[White "Perossa, Nicolas"]
[Black "Parfenov, Viktor N."]
[Result "0-1"]
[WhiteTitle "FM"]
[BlackTitle "CM"]
[WhiteElo "2253"]
[BlackElo "2193"]
[WhiteFideId "2850520"]
[BlackFideId "4165969"]
[EventDate "2025.07.01"]

1. e4 e6 2. d4 d5 3. Nc3 Nf6 4. e5 Nfd7 5. f4 c5 6. Nf3 Nc6 7. Ne2 a5 8. c3 a4
9. Be3 Qb6 10. Qd2 c4 11. Rb1 a3 12. b3 cxb3 13. Rxb3 Qxb3 14. axb3 a2 15. f5
a1=Q+ 16. Kf2 exf5 17. Qd3 g6 18. Nf4 Nb6 19. Qb5 Qa5 20. Qd3 Bg7 21. Be2 Be6
22. Ng5 Nd8 23. b4 Qa4 24. h4 h6 25. Nf3 Qd7 26. Nh3 Nc4 27. Bf4 Ra2 28. Re1 O-O
29. h5 g5 30. Nhxg5 hxg5 31. Bxg5 f6 32. exf6 Bxf6 33. Kg1 Bxg5 34. Nxg5 Nf7 35.
Nh3 Nh6 36. Nf4 Bf7 37. Qg3+ Kh7 38. Qh4 Qd8 39. Qh3 Qg5 40. Rf1 Re8 41. Rf2 Re3
42. Bf3 Qxf4 43. Kh1 Ra1+ 0-1

[Event "Titled Tue 1st Jul Early"]
[Site "chess.com INT"]
[Date "2025.07.01"]
[Round "9"]
[White "Ketzetzis, Georgios"]
[Black "Fedorov, Artem Alek"]
[Result "0-1"]
[WhiteTitle "FM"]
[BlackTitle "CM"]
[WhiteElo "2292"]
[BlackElo "2157"]
[WhiteFideId "4215206"]
[BlackFideId "34418431"]
[EventDate "2025.07.01"]

1. e4 c5 2. Nf3 e6 3. c4 Nc6 4. Nc3 Nd4 5. g3 Ne7 6. Nxd4 cxd4 7. Ne2 Nc6 8. d3
Bb4+ 9. Bd2 Ne5 10. Nxd4 Qb6 11. Bxb4 Qxb4+ 12. Qd2 Qb6 13. f4 Qxd4 14. fxe5
Qxe5 15. Bg2 Qd4 16. O-O-O b6 17. e5 Rb8 18. Qf4 Qc5 19. Kb1 b5 20. h4 Ba6 21.
Bf1 bxc4 22. dxc4 Bb7 23. Rh2 Bc6 24. h5 h6 25. g4 Qe7 26. Bg2 O-O 27. Bxc6 dxc6
28. Rhd2 Rfd8 29. Rd6 c5 30. Qe3 Qc7 31. a3 Rbc8 32. Ka2 Rxd6 33. exd6 Qd7 34.
Qe5 Rc6 0-1

[Event "Titled Tue 1st Jul Early"]
[Site "chess.com INT"]
[Date "2025.07.01"]
[Round "9"]
[White "Jaiswal, Rupesh"]
[Black "Rubio, Lloyd"]
[Result "0-1"]
[WhiteTitle "FM"]
[WhiteElo "2064"]
[BlackElo "2167"]
[WhiteFideId "12300870"]
[BlackFideId "5210453"]
[EventDate "2025.07.01"]

1. e4 e5 2. Nf3 Nc6 3. d4 exd4 4. Nxd4 Nf6 5. Nxc6 bxc6 6. e5 Qe7 7. Qe2 Nd5 8.
c4 Nb6 9. Nc3 Bb7 10. h4 Qe6 11. Bd2 a5 12. Rh3 a4 13. f4 Ba6 14. b3 Ba3 15. Rb1
axb3 16. axb3 Bb4 17. Qe4 Bb7 18. Bd3 g6 19. h5 O-O-O 20. Qe2 d6 21. exd6 Qxd6
22. Ne4 Bxd2+ 23. Qxd2 Qe6 24. Re3 Rhe8 25. Qe2 Kb8 26. Kf2 Qf5 27. g3 Qh3 28.
Rg1 c5 29. Nxc5 Qh2+ 30. Kf1 Rxe3 31. Qxe3 Bc6 32. Be4 Rd1+ 33. Qe1 Rxe1+ 34.
Kxe1 Qxg1+ 35. Ke2 Qxc5 0-1

[Event "Titled Tue 1st Jul Early"]
[Site "chess.com INT"]
[Date "2025.07.01"]
[Round "9"]
[White "Rustemov, Alexander"]
[Black "Uritsky, Yonathan"]
[Result "1-0"]
[WhiteTitle "GM"]
[BlackTitle "FM"]
[WhiteElo "2525"]
[BlackElo "2368"]
[WhiteFideId "4119002"]
[BlackFideId "2825651"]
[EventDate "2025.07.01"]

1. d4 Nf6 2. c4 c5 3. d5 b5 4. cxb5 a6 5. e3 g6 6. Nc3 Bg7 7. a4 O-O 8. e4 d6 9.
Nf3 Nbd7 10. Bd2 axb5 11. axb5 Bb7 12. Be2 Nb6 13. O-O Nfd7 14. Qc2 Qc7 15. h3
c4 16. Be3 Nc5 17. Nd4 Bxd4 18. Bxd4 Rxa1 19. Rxa1 Nb3 20. Rd1 Nxd4 21. Rxd4 Ra8
22. Rd1 Qc5 23. Qd2 Na4 24. Ra1 Qb4 25. Ra2 Ra5 26. Qc2 Nxc3 27. bxc3 Rxa2 28.
Qxa2 Qxc3 29. Qxc4 Qa1+ 30. Kh2 Qb2 31. g3 Kg7 32. Kg2 f5 33. Bf3 Kf6 34. exf5
gxf5 35. Qh4+ Kg6 36. Bh5+ Kh6 37. Be8+ Kg7 38. Qxe7+ Kh6 39. Qf8+ Kg5 40. h4+
Kg4 41. Qg8+ 1-0

[Event "Titled Tue 1st Jul Early"]
[Site "chess.com INT"]
[Date "2025.07.01"]
[Round "9"]
[White "Dyulgerov, Volen"]
[Black "Shubenkova, Veronika"]
[Result "0-1"]
[WhiteTitle "CM"]
[BlackTitle "WFM"]
[WhiteElo "2181"]
[BlackElo "2031"]
[WhiteFideId "2918978"]
[BlackFideId "44124040"]
[EventDate "2025.07.01"]

1. e4 c6 2. d4 d5 3. Nd2 dxe4 4. Nxe4 h6 5. Nf3 Bf5 6. Bd3 Bxe4 7. Bxe4 Nf6 8.
Bd3 Nbd7 9. O-O e6 10. Re1 Bd6 11. Ne5 Qc7 12. Qe2 Bxe5 13. dxe5 Nd5 14. c4 Nb4
15. Bb1 c5 16. Qh5 Nb6 17. Be3 Nxc4 18. Bf4 O-O-O 19. Rc1 Nxb2 20. Be3 N2d3 21.
Rc3 b6 22. a3 Qxe5 23. Qf3 Qxc3 24. Bxd3 Qxa1+ 25. Bf1 Nd5 26. g3 Rd7 27. Kg2
Qxa3 28. Bb5 Rc7 29. Qe4 Qb4 30. Qd3 c4 31. Ba6+ Kb8 32. Qd4 Nxe3+ 33. Qxe3 Qc5
34. Qe2 Qc6+ 35. Kg1 Rd8 36. h4 b5 37. Qb2 Qxa6 38. Kh2 Qb6 39. h5 c3 40. Qc2
Rd2 41. Qh7 Qxf2+ 42. Kh3 Qh2+ 43. Kg4 Rc4+ 44. Qe4 Rxe4+ 0-1

[Event "Titled Tue 1st Jul Early"]
[Site "chess.com INT"]
[Date "2025.07.01"]
[Round "9"]
[White "Kim, Sergey"]
[Black "Tan, Zhongyi"]
[Result "1-0"]
[WhiteTitle "FM"]
[BlackTitle "GM"]
[WhiteElo "2295"]
[BlackElo "2527"]
[WhiteFideId "13700570"]
[BlackFideId "8603642"]
[EventDate "2025.07.01"]

1. d4 d5 2. c4 e6 3. Nc3 Nf6 4. Nf3 a6 5. e3 dxc4 6. Bxc4 b5 7. Bb3 Bb7 8. O-O
c5 9. Qe2 Nbd7 10. Rd1 Qb6 11. a4 c4 12. a5 Qc7 13. Bc2 Bb4 14. e4 h6 15. d5
O-O-O 16. Be3 exd5 17. Nxd5 Nxd5 18. exd5 Rhe8 19. Bf5 g6 20. Bh3 Kb8 21. Qc2
Nc5 22. Bxh6 Rxd5 23. Rxd5 Bxd5 24. Rd1 Nd3 25. Be3 Bd6 26. b3 Bxf3 27. gxf3
Bxh2+ 28. Kg2 Bf4 29. Bb6 Qe5 30. Rxd3 cxd3 31. Qxd3 Qg5+ 32. Kf1 Qh4 33. Bg2
Qe7 34. Bh3 Qe1+ 35. Kg2 Qe5 36. Qd7 1-0